00559nam a22001697a 450000500170000001000140001702000260003103500140005703700140007108200080008510000200009324501100011326000420022327000610026530000320032670000310035820170814162807.0 aB-6648117 a9789350943533c850.00 aB-6648117 aDPLbSTAR a000 aSharma, Surabhi aUGC/NET/SET(JRF & LS) computer science & application /cby Surabhi Sharma [and] Kailash Chandra Gururani  aNew DelhibArihant Publication c2016 a 4577/15, Agarwal Road, Dariya Ganj bNew Delhi e110002 avarious pagingsc27cmbill. aGururani, Kailash Chandra